[Event "Stay Safe Play From Home 193"]
[Site "T#646517Emanuel Laske"]
[Date "2020.06.02"]
[Round "6"]
[White "Toosieslide"]
[Black "Scorpio New"]
[Result "1-0"]
[WhiteElo "2232"]
[BlackElo "2168"]
[Annotator "TA"]
[PlyCount "125"]
[EventDate "2020.06.02"]
[EventType "swiss (blitz)"]

{[%evp 9,124,31,48,45,75,57,63,68,96,84,78,47,66,-50,56,-77,125,50,143,118,119,139,196,182,157,-77,-67,-137,-30,-35,-28,-79,-90,-139,-72,-82,-73,-87,0,-69,-80,-89,0,0,0,0,0,0,0,0,447,-163,0,0,29985,29986,29988,29989,29989,29990,29982,29983,29996,29991,29991,29991,29991,29992,29992,29993,29994,29993,29993,29992,29991,29992,29992,29993,29993,29992,29992,29993,29993,29992,29993,29994,29994,29995,29995,29996,29996,29997,29998,29997,29997,29997,29998,29997,29997,29998,29998,29998,29998,29998,29999,29998,29998,29998,29998,29998,29998,29998,29998,29998,29998,29999,29999]} 1. d4 d6 2. c4 g6 3. Nc3 Bg7 4. e4 Nd7 5. f3 c6 6. Be3 {A42: Modern Defence: Averbakh Variation.} Qc7 {[#]} 7. Nge2 $146 ({Predecessor:} 7. Bd3 a6 8. Nge2 e6 9. Rc1 Ne7 10. O-O O-O 11. b4 c5 12. bxc5 dxc5 13. d5 exd5 14. cxd5 {1-0 (34) Moskaleva,A (1536)-Klevets,K (1948) St Petersburg 2017}) 7... e5 8. Qd2 {White is slightly better.} h5 9. O-O-O Ngf6 10. g3 O-O 11. h4 (11. Kb1 $14) 11... a5 (11... b5 $1 $15) 12. g4 (12. Kb1 $14) 12... b6 $2 (12... hxg4 $17 13. fxg4 Nxg4) 13. Ng3 (13. g5 $16) 13... hxg4 (13... d5 $1 $14) 14. h5 exd4 ({Less strong is} 14... gxf3 15. h6 $17) 15. Bxd4 {Hoping for h6.} Ne5 ({Don't go for} 15... gxf3 $2 16. h6 $18) (15... Re8 $16) 16. Bxe5 dxe5 17. hxg6 $2 (17. h6 $16 Bh8 18. h7+ $1 {[%mdl 512]} Nxh7 19. Qh6 $1 {[%mdl 512]}) 17... fxg6 $17 18. fxg4 (18. Qg5 $15) 18... Bxg4 ({Black should try} 18... Nxg4 $17 {And now ...Nf2 would win.} 19. c5 Qf7) 19. Be2 $11 Rad8 20. Qe3 (20. Qg5 $11 Rxd1+ 21. Rxd1 Bxe2 22. Ncxe2) 20... Rxd1+ $17 21. Nxd1 Rd8 (21... Qf7 $142 22. Kb1 Bxe2 23. Qxe2 Rd8) 22. Bxg4 Nxg4 23. Qg5 {[#]} Qd7 (23... Rxd1+ $1 $17 {[%mdl 512]} 24. Kxd1 Nf2+ {[%mdl 64] Double Attack} 25. Ke2 Nxh1 26. Nxh1 Kf7) 24. Nc3 (24. Qxg6 $11 Qd2+ 25. Kb1 Qd3+ 26. Kc1 Qxg3 27. Qe6+ Kf8 28. Rf1+ Bf6 29. Rxf6+ Nxf6 30. Qxf6+ {[%mdl 64] Double Attack} Ke8 31. Qe6+ Kf8 32. Qf6+ {[%mdl 64] Double Attack} Ke8 33. Qe6+ Kf8 34. Qf6+ {[%mdl 64] Double Attack}) 24... Nf2 $36 {[%mdl 2048] Black is in control.} 25. Rf1 Nh3 (25... Rf8 $17 {Threatens to win with ...Kh7.} 26. Qxg6 Rf6) 26. Qxg6 $11 Nf4 27. Qg5 Qd2+ 28. Kb1 {aiming for Rd1.} Qd3+ $1 29. Ka1 {Black must now prevent Qg4.} Rf8 $2 {[%mdl 8192]} (29... Rd6 $1 $11 {and Black is okay.} 30. Qg4 Rg6 31. Qc8+ Bf8) 30. Rg1 $4 {[%mdl 8192]} (30. Rd1 $18 Ne6 {[#]} 31. Qg6 $1 {[%mdl 512]} (31. Rxd3 Nxg5 32. Kb1 Rf3 $11)) 30... Ne6 $2 ({Better is} 30... Nh3 $19 31. Qg6 Nxg1) 31. Qg6 Qe3 $2 {[%mdl 8192] White leaves nothing to chance now.} (31... Nd4 $11 32. a4 Nc2+ 33. Kb1 Ne3+ 34. Ka1 Nc2+ 35. Kb1 Nd4+ 36. Ka1 Nc2+) 32. Qxe6+ {[%mdl 64] Double Attack. White mates.} Rf7 33. Rf1 Qf4 34. Rxf4 exf4 35. Nf5 Bxc3 36. Nh6+ {[%mdl 64] Pin} Kg7 37. Qxf7+ Kxh6 38. Qxf4+ Kh5 39. bxc3 Kg6 40. Qd6+ Kg5 41. Qxc6 Kf4 42. Qb5 Kxe4 43. Qxb6 Ke5 44. Qxa5+ Ke4 45. Qb4 Kd3 46. a4 Kc2 47. a5 Kd3 48. a6 Kc2 49. a7 Kd3 50. a8=Q Kc2 51. Qc8 Kd3 52. Qd6+ Kc2 53. c5 Kb3 54. c6 Kc2 55. c7 Kb3 56. Qcd7 Kc4 57. c8=Q+ Kb3 58. c4 {[%cal Bc3c4,Bc4c5,Bc5c6,Bc6c7][%mdl 32]} Kc2 59. c5 Kb3 60. c6 Kc4 61. c7 Kb3 62. Qb7+ Kc2 63. Q6c6# {Accuracy: White = 45%, Black = 35%.} 1-0

[Event "Stay Safe Play From Home 193"]
[Site "T#646517Emanuel Laske"]
[Date "2020.06.02"]
[Round "6"]
[White "Lamborghini"]
[Black "Fischer_11"]
[Result "1-0"]
[WhiteElo "2175"]
[BlackElo "2070"]
[Annotator "NA RC"]
[PlyCount "117"]
[EventDate "2020.06.02"]
[EventType "swiss (blitz)"]

1. e4 {[%emt 0:00:01]} Nf6 {[%emt 0:00:00]} 2. e5 {[%emt 0:00:01]} Nd5 {[%emt 0:00:00]} 3. d4 {[%emt 0:00:00]} d6 {[%emt 0:00:01]} 4. Nf3 {[%emt 0:00:00]} dxe5 {[%emt 0:00:01]} 5. Nxe5 {[%emt 0:00:01]} Nd7 {[%emt 0:00:00]} 6. Nxf7 {[%emt 0:00:01]} Kxf7 {[%emt 0:00:00]} 7. Qh5+ {[%emt 0:00:01]} Ke6 {[%emt 0:00:00]} 8. c4 {[%emt 0:00:01]} N5f6 {[%emt 0:00:02]} 9. d5+ {[%emt 0:00:01]} Kd6 {[%emt 0:00:01]} 10. c5+ {[%emt 0:00:00]} Nxc5 {[%emt 0:00:03]} 11. Bf4+ {[%emt 0:00:01]} Kd7 {[%emt 0:00:03]} 12. Bb5+ {[%emt 0:00:02]} c6 {[%emt 0:00:01]} 13. dxc6+ {[%emt 0:00:00]} bxc6 {[%emt 0:00:01]} 14. Qxc5 {[%emt 0:00:00]} Qb6 {[%emt 0:00:02]} 15. Qxb6 {[%emt 0:00:01]} axb6 {[%emt 0:00:00]} 16. Bd3 {[%emt 0:00:01]} Nd5 {[%emt 0:00:02]} 17. Bd2 {[%emt 0:00:02]} e5 {[%emt 0:00:01]} 18. O-O {[%emt 0:00:02]} Bb4 {[%emt 0:00:02]} 19. Re1 {[%emt 0:00:01]} Kd6 {[%emt 0:00:06]} 20. a3 {[%emt 0:00:04]} Bc5 {[%emt 0:00:02]} 21. Nc3 {[%emt 0:00:04]} Nxc3 {[%emt 0:00:02]} 22. Bxc3 {[%emt 0:00:01]} Bd4 {[%emt 0:00:03]} 23. Rad1 {[%emt 0:00:01]} Bxc3 {[%emt 0:00:01]} 24. bxc3 {[%emt 0:00:00]} Kc7 {[%emt 0:00:04]} 25. Rxe5 {[%emt 0:00:02]} Bd7 {[%emt 0:00:02]} 26. Re7 {[%emt 0:00:01]} Rhe8 {[%emt 0:00:03]} 27. Rxg7 {[%emt 0:00:02]} Rxa3 {[%emt 0:00:03]} 28. Bf5 {[%emt 0:00:01]} Rd8 {[%emt 0:00:06]} 29. Rgxd7+ {[%emt 0:00:01]} Rxd7 {[%emt 0:00:00]} 30. Rxd7+ {[%emt 0:00:01]} Kb8 {[%emt 0:00:00]} 31. g4 {[%emt 0:00:00]} Rxc3 {[%emt 0:00:01]} 32. Rxh7 {[%emt 0:00:00]} b5 {[%emt 0:00:00]} 33. Rh8+ {[%emt 0:00:01]} Kc7 {[%emt 0:00:01]} 34. Rh7+ {[%emt 0:00:00]} Kb6 {[%emt 0:00:00]} 35. Rh8 {[%emt 0:00:00]} Kc5 {[%emt 0:00:00]} 36. h4 {[%emt 0:00:01]} b4 {[%emt 0:00:00]} 37. h5 {[%emt 0:00:00]} b3 {[%emt 0:00:00]} 38. Rb8 {[%emt 0:00:01]} Rc4 {[%emt 0:00:00]} 39. Kg2 {[%emt 0:00:01]} Rb4 {[%emt 0:00:00]} 40. Rxb4 {[%emt 0:00:02]} Kxb4 {[%emt 0:00:00]} 41. h6 {[%emt 0:00:01]} c5 {[%emt 0:00:00]} 42. h7 {[%emt 0:00:00]} c4 {[%emt 0:00:00]} 43. h8=Q {[%emt 0:00:00]} c3 {[%emt 0:00:00]} 44. Qd4+ {[%emt 0:00:01]} Ka3 {[%emt 0:00:01]} 45. Qxc3 {[%emt 0:00:00]} Ka2 {[%emt 0:00:01]} 46. Qd2+ {[%emt 0:00:01]} b2 {[%emt 0:00:00]} 47. Qxb2+ {[%emt 0:00:01]} Kxb2 {[%emt 0:00:00]} 48. g5 {[%emt 0:00:00]} Kc3 {[%emt 0:00:00]} 49. g6 {[%emt 0:00:00]} Kd4 {[%emt 0:00:00]} 50. g7 {[%emt 0:00:00]} Ke5 {[%emt 0:00:00]} 51. g8=Q {[%emt 0:00:00]} Kf6 {[%emt 0:00:00]} 52. Qg6+ {[%emt 0:00:01]} Ke5 {[%emt 0:00:01]} 53. Qe6+ {[%emt 0:00:00]} Kf4 {[%emt 0:00:00]} 54. Qe4+ {[%emt 0:00:00]} Kg5 {[%emt 0:00:00]} 55. Qg4+ {[%emt 0:00:00]} Kf6 {[%emt 0:00:00]} 56. Bd3 {[%emt 0:00:01]} Ke5 {[%emt 0:00:00]} 57. Qe4+ {[%emt 0:00:00]} Kd6 {[%emt 0:00:00]} 58. f4 {[%emt 0:00:00]} Kc5 {[%emt 0:00:00]} 59. Qe5+ {[%emt 0:00:00] Zeit (Lag: Av=0.29s, max=0.8s)} 1-0

[Event "Stay Safe Play From Home 193"]
[Site "T#646517Emanuel Laske"]
[Date "2020.06.02"]
[Round "6"]
[White "Bellbox"]
[Black "Lazieri3"]
[Result "1-0"]
[WhiteElo "2077"]
[BlackElo "2106"]
[Annotator "TA"]
[PlyCount "39"]
[EventDate "2020.06.02"]
[EventType "swiss (blitz)"]

{[%evp 9,39,32,64,0,63,47,46,52,62,10,14,19,31,0,23,-3,31,15,60,45,387,368,403,334,407,404,472,479,1086,1077,1216,1212]} 1. e4 c6 2. d3 d5 3. Nd2 dxe4 4. dxe4 Nd7 5. Ngf3 Ngf6 {[#]} 6. a3 $146 {B10: Caro-Kann: 2 d3 and 2 c4.} (6. e5 $14 Nd5 7. e6 fxe6 8. c4) ({Predecessor:} 6. Bc4 e6 7. O-O Be7 8. Re1 O-O 9. e5 Nd5 10. Ne4 b6 11. Bg5 Bxg5 12. Nexg5 {1-0 (65) Vigier Lopez,C (1843)-Aguadero Casado,J (1659) Barcelona 2018}) 6... Nb6 (6... e5 $11) 7. Bd3 Bg4 8. h3 {White is slightly better.} Bh5 9. g4 (9. e5 $14 Nfd7 10. g4) 9... Bg6 $11 10. Qe2 e6 11. O-O h6 12. c4 Be7 13. b4 $36 {[%mdl 2048] White has good play.} O-O 14. c5 $1 {[%cal Rc5b6]} a6 $2 {[%mdl 8192] [#] Black cannot hold the game after this.} ({Black should play} 14... Nbd7 $14) 15. cxb6 $18 Qxb6 16. Bb2 Rfd8 17. Nc4 {[%cal Bd2c4,Bc4b6,Bb6c8][%mdl 32]} Qc7 18. Be5 {White is clearly winning.} Qc8 (18... Qd7 $142 19. Bb1 c5) 19. Nb6 {[%mdl 64] [#] Double Attack} Rxd3 20. Nxc8 {Accuracy: White = 60%, Black = 27%.} 1-0

[Event "Stay Safe Play From Home 193"]
[Site "T#646517Emanuel Laske"]
[Date "2020.06.02"]
[Round "6"]
[White "Greblha"]
[Black "Tolka"]
[Result "0-1"]
[WhiteElo "1989"]
[BlackElo "2221"]
[Annotator "TA"]
[PlyCount "82"]
[EventDate "2020.06.02"]
[EventType "swiss (blitz)"]

{[%evp 14,81,23,-6,27,35,33,13,14,0,29,11,52,6,25,-39,0,0,22,14,37,6,27,-113,-129,-129,-124,-190,-130,-198,-72,-395,-385,-934,-927,-981,-979,-1323,-1050,-1116,-1134,-1112,-1062,-982,-700,-675,-676,-1343,-1330,-1363,-1387,-1366,-1034,-1031,-1023,-1015,-1012,-1152,-1139,-1314,-1250,-29994,-29995,-29995,-29996,-29996,-29997,-29998,-29999,-29999]} 1. e4 e5 2. Nf3 Nc6 3. Bb5 a6 4. Ba4 Nf6 5. Qe2 b5 6. Bb3 Be7 7. c3 d6 8. a4 Rb8 {C77: Ruy Lopez: 3...a6 4 Ba4 Nf6, unusual lines.} 9. axb5 axb5 10. d3 O-O {[#] The position is equal.} 11. Bg5 $146 ({Predecessor:} 11. Nbd2 h6 12. Nf1 Re8 13. Ne3 g6 14. Nd5 Bf8 15. Be3 Nxd5 16. Bxd5 Bd7 17. Qd2 {1-0 (61) Ahlberg,M (1782)-Gypser,A (1963) Playchess.com INT 2020}) 11... Bg4 12. Nbd2 Nh5 13. Bxe7 Qxe7 14. g3 (14. Qe3 $11) 14... Nd8 15. h3 Bxf3 16. Qxf3 g6 17. Nf1 b4 {Strongly threatening ...bxc3.} 18. c4 (18. Nd2 $11) 18... Nb7 $17 19. Ne3 Nc5 20. Bd1 (20. Bc2 $17) 20... c6 (20... f5 $19 21. Qe2 f4) 21. Be2 (21. Ng2 $17 {was worth a try.}) 21... Ne6 (21... Nb3 $19 22. Ra4 Nd4) 22. Ng2 $2 {[%mdl 8192] Loses the game.} (22. Nf5 $17 Qd8 23. O-O) 22... Nd4 $19 23. Qe3 $2 (23. Qg4 Nc2+ 24. Kd2 Nxa1 25. Rxa1) 23... Nc2+ {[%mdl 64] [#] Double Attack} 24. Kd2 Nxe3 25. fxe3 Ng7 26. Nh4 Ne6 27. Rhf1 Qg5 28. Nf3 Qxg3 {...Nc5 is the strong threat.} 29. Rg1 Qxh3 30. Raf1 Nc5 31. Rh1 Qd7 32. Ng5 f6 33. Nxh7 Qxh7 34. Rxh7 Kxh7 35. Rh1+ Kg7 36. Rh2 Rh8 37. b3 Rxh2 {Black mates.} 38. Kc2 Rxe2+ {[%mdl 64] [#] Double Attack} 39. Kd1 Rh2 40. Ke1 Ra8 {[%cal Ra8a1]} 41. Kf1 Ra1# {Accuracy: White = 29%, Black = 54%.} 0-1

[Event "Stay Safe Play From Home 193"]
[Site "T#646517Emanuel Laske"]
[Date "2020.06.02"]
[Round "6"]
[White "Emresenar"]
[Black "Fish4Life"]
[Result "0-1"]
[WhiteElo "1742"]
[BlackElo "1918"]
[Annotator "TA"]
[PlyCount "66"]
[EventDate "2020.06.02"]
[EventType "swiss (blitz)"]

{[%evp 9,66,26,30,19,20,-45,-29,-136,-118,-122,-120,-170,-47,-63,2,-38,12,-4,24,0,0,-15,16,-40,0,-107,-94,-117,-106,-202,-130,-122,-39,-128,-120,-456,-14,-20,-22,-131,-128,-135,-139,-323,-317,-317,-296,-306,-312,-293,105,-5185,-5094,-2363,-2272,-29977,-29972,-29985,-29986]} 1. e4 c5 2. Nf3 Nc6 3. Bc4 Nf6 4. Nc3 Nxe4 5. Bxf7+ Kxf7 6. Nxe4 {B29: Sicilian: 2 Nf3 Nf6 (Nimzowitsch Variation).} e6 7. Nfg5+ (7. d4 $1 $11) 7... Kg8 $15 {[#]} 8. h4 $146 (8. d3 $11) ({Predecessor:} 8. d3 h6 9. Nf3 d5 10. Ng3 Bd6 11. O-O Qf6 12. c3 e5 13. Qb3 Qf7 14. Bd2 {½-½ (38) Maslov,V (2116)-Gavrish,L (2205) Alushta 2010}) 8... h6 $17 9. Nf3 d5 10. Nc3 Bd6 (10... e5 $1 $19 11. d3 Bg4) 11. d4 $15 Qf6 ({Better is} 11... cxd4 $15 12. Nxd4 Bd7) 12. Be3 c4 13. Qd2 a6 {[%cal Ba7a6,Ba6a5][%mdl 32]} 14. O-O-O b5 15. Ne2 Kh7 16. Kb1 (16. Bf4 $11 Bb8 17. h5) 16... Rf8 17. c3 (17. h5 $1 $11) 17... a5 18. Qc2+ Kg8 19. Ng3 (19. Ne5 $17 Nxe5 20. dxe5 Bxe5 21. g4) 19... Bxg3 20. fxg3 {[#]} Bd7 (20... e5 $1 $17 {aiming for ...Bf5.} 21. Qd2 Qg6+ 22. Ka1 e4) 21. Rhf1 ({White should play} 21. Bf4 $15) 21... Be8 $17 {White must now prevent ...Bg6.} 22. Ne5 $2 {[%mdl 8192]} (22. Ka1 $17) 22... Qe7 $2 (22... Qxf1 $19 23. Nxc6 Qf6) 23. Rxf8+ $11 Qxf8 24. Ng6 {[#]} (24. Nxc6 $11 {remains equal.} Bxc6 25. Re1) 24... Qf6 $1 $17 25. h5 b4 {[%cal Bb5b4,Bb4b3,Bb3c2][%mdl 32]} 26. Qd2 $2 (26. g4 $17) 26... Bxg6+ $19 27. hxg6 Qxg6+ 28. Ka1 b3 ({But not} 28... Qxg3 29. Bf4 $19) 29. a3 Nb4 $2 ({Black should try} 29... Qxg3 $19 {And now ...Rf8 would win.} 30. Bf4 Qg6) 30. Rc1 $2 {[%mdl 8192]} (30. cxb4 $16 axb4 31. Qxb4) 30... Nc2+ 31. Rxc2 bxc2 32. Bf4 Rf8 33. Ka2 Qd3 {Accuracy: White = 36%, Black = 48%.} 0-1

[Event "Stay Safe Play From Home 193"]
[Site "T#646517Emanuel Laske"]
[Date "2020.06.02"]
[Round "6"]
[White "Edmatuag"]
[Black "Grizzzly"]
[Result "0-1"]
[WhiteElo "1691"]
[BlackElo "1708"]
[Annotator "NA RC"]
[PlyCount "80"]
[EventDate "2020.06.02"]
[EventType "swiss (blitz)"]

1. e4 {[%emt 0:00:01]} c5 {[%emt 0:00:01]} 2. Nf3 {[%emt 0:00:01]} d6 {[%emt 0:00:00]} 3. d4 {[%emt 0:00:01]} cxd4 {[%emt 0:00:00]} 4. Nxd4 {[%emt 0:00:01]} Nf6 {[%emt 0:00:00]} 5. Nc3 {[%emt 0:00:01]} a6 {[%emt 0:00:00]} 6. Be2 {[%emt 0:00:01]} e6 {[%emt 0:00:00]} 7. Be3 {[%emt 0:00:02]} Be7 {[%emt 0:00:00]} 8. Qd2 {[%emt 0:00:01]} O-O {[%emt 0:00:00]} 9. O-O {[%emt 0:00:02]} b5 {[%emt 0:00:00]} 10. f3 {[%emt 0:00:01]} Bb7 {[%emt 0:00:01]} 11. a3 {[%emt 0:00:01]} Nc6 {[%emt 0:00:00]} 12. Rac1 {[%emt 0:00:02]} Rc8 {[%emt 0:00:00]} 13. Bd3 {[%emt 0:00:02]} Ne5 {[%emt 0:00:01]} 14. Nce2 {[%emt 0:00:02]} Nxd3 {[%emt 0:00:01]} 15. cxd3 {[%emt 0:00:02]} Qc7 {[%emt 0:00:00]} 16. Rxc7 {[%emt 0:00:02]} Rxc7 {[%emt 0:00:00]} 17. Rc1 {[%emt 0:00:01]} Rfc8 {[%emt 0:00:00]} 18. Rxc7 {[%emt 0:00:01]} Rxc7 {[%emt 0:00:00]} 19. Qa5 {[%emt 0:00:02]} Rc8 {[%emt 0:00:03]} 20. Nc3 {[%emt 0:00:02]} d5 {[%emt 0:00:02]} 21. e5 {[%emt 0:00:01]} Nd7 {[%emt 0:00:03]} 22. Na2 {[%emt 0:00:02]} Nxe5 {[%emt 0:00:01]} 23. Nb4 {[%emt 0:00:02]} Bc5 {[%emt 0:00:04]} 24. f4 {[%emt 0:00:02]} Ng4 {[%emt 0:00:02]} 25. Nbc2 {[%emt 0:00:05]} Bxd4 {[%emt 0:00:02]} 26. Bxd4 {[%emt 0:00:01]} h5 {[%emt 0:00:04]} 27. Bc3 {[%emt 0:00:04]} Ne3 {[%emt 0:00:08]} 28. Nxe3 {[%emt 0:00:03]} d4 {[%emt 0:00:00]} 29. Qb6 {[%emt 0:00:02]} dxe3 {[%emt 0:00:03]} 30. Qxb7 {[%emt 0:00:01]} Rf8 {[%emt 0:00:02]} 31. Qe4 {[%emt 0:00:02]} e2 {[%emt 0:00:01]} 32. Qxe2 {[%emt 0:00:01]} e5 {[%emt 0:00:00]} 33. Qe4 {[%emt 0:00:00]} exf4 {[%emt 0:00:01]} 34. Qxf4 {[%emt 0:00:00]} f6 {[%emt 0:00:01]} 35. Qc7 {[%emt 0:00:00]} Rf7 {[%emt 0:00:02]} 36. Bb4 {[%emt 0:00:00]} Rxc7 {[%emt 0:00:01]} 37. d4 {[%emt 0:00:00]} Rc1+ {[%emt 0:00:00]} 38. Kf2 {[%emt 0:00:01]} Rc2+ {[%emt 0:00:00]} 39. Kf3 {[%emt 0:00:00]} Rxb2 {[%emt 0:00:00]} 40. d5 {[%emt 0:00:01]} Rb3+ {[%emt 0:00:00] Time (Lag: Av=0.36s, max=0.4s)} 0-1

[Event "Stay Safe Play From Home 193"]
[Site "T#646517Emanuel Laske"]
[Date "2020.06.02"]
[Round "6"]
[White "Konmos"]
[Black "Buzaglo"]
[Result "0-1"]
[WhiteElo "1641"]
[BlackElo "1852"]
[Annotator "NA RC"]
[PlyCount "106"]
[EventDate "2020.06.02"]
[EventType "swiss (blitz)"]

1. e4 {[%emt 0:00:01]} e6 {[%emt 0:00:00]} 2. d4 {[%emt 0:00:01]} d5 {[%emt 0:00:00]} 3. exd5 {[%emt 0:00:00]} c5 {[%emt 0:00:00]} 4. c4 {[%emt 0:00:00]} exd5 {[%emt 0:00:01]} 5. dxc5 {[%emt 0:00:01]} Bxc5 {[%emt 0:00:01]} 6. Qxd5 {[%emt 0:00:01]} Qxd5 {[%emt 0:00:01]} 7. cxd5 {[%emt 0:00:00]} Nf6 {[%emt 0:00:00]} 8. Nc3 {[%emt 0:00:01]} O-O {[%emt 0:00:01]} 9. Bc4 {[%emt 0:00:00]} Bb4 {[%emt 0:00:01]} 10. Nge2 {[%emt 0:00:00]} Bf5 {[%emt 0:00:02]} 11. O-O {[%emt 0:00:01]} Nbd7 {[%emt 0:00:00]} 12. Bg5 {[%emt 0:00:00]} h6 {[%emt 0:00:01]} 13. Bh4 {[%emt 0:00:01]} Ne4 {[%emt 0:00:02]} 14. a3 {[%emt 0:00:02]} Bxc3 {[%emt 0:00:02]} 15. bxc3 {[%emt 0:00:01]} Nb6 {[%emt 0:00:02]} 16. Bb3 {[%emt 0:00:01]} Rac8 {[%emt 0:00:02]} 17. Rac1 {[%emt 0:00:01]} Nc4 {[%emt 0:00:02]} 18. a4 {[%emt 0:00:02]} Ned2 {[%emt 0:00:02]} 19. Rfd1 {[%emt 0:00:03]} Nxb3 {[%emt 0:00:02]} 20. Rd4 {[%emt 0:00:03]} Nxd4 {[%emt 0:00:01]} 21. Nxd4 {[%emt 0:00:01]} Bg6 {[%emt 0:00:01]} 22. a5 {[%emt 0:00:04]} Nxa5 {[%emt 0:00:01]} 23. f4 {[%emt 0:00:01]} Nc4 {[%emt 0:00:02]} 24. f5 {[%emt 0:00:01]} Bh5 {[%emt 0:00:02]} 25. h3 {[%emt 0:00:00]} g5 {[%emt 0:00:04]} 26. fxg6 {[%emt 0:00:02]} Bxg6 {[%emt 0:00:01]} 27. Be7 {[%emt 0:00:01]} Rfe8 {[%emt 0:00:01]} 28. d6 {[%emt 0:00:00]} Nxd6 {[%emt 0:00:02]} 29. Bxd6 {[%emt 0:00:00]} Red8 {[%emt 0:00:01]} 30. Be7 {[%emt 0:00:01]} Rxd4 {[%emt 0:00:01]} 31. c4 {[%emt 0:00:02]} Rcxc4 {[%emt 0:00:01]} 32. Re1 {[%emt 0:00:03]} Re4 {[%emt 0:00:01]} 33. Rxe4 {[%emt 0:00:03]} Rxe4 {[%emt 0:00:00]} 34. Bc5 {[%emt 0:00:00]} Rc4 {[%emt 0:00:01]} 35. Bxa7 {[%emt 0:00:01]} Rc1+ {[%emt 0:00:01]} 36. Kf2 {[%emt 0:00:00]} f5 {[%emt 0:00:01]} 37. g3 {[%emt 0:00:01]} Rc2+ {[%emt 0:00:01]} 38. Ke3 {[%emt 0:00:01]} Kf7 {[%emt 0:00:01]} 39. Bb8 {[%emt 0:00:01]} Ra2 {[%emt 0:00:00]} 40. h4 {[%emt 0:00:02]} Ke6 {[%emt 0:00:00]} 41. Kd4 {[%emt 0:00:02]} Ra4+ {[%emt 0:00:02]} 42. Kc5 {[%emt 0:00:00]} Ra3 {[%emt 0:00:01]} 43. Kb6 {[%emt 0:00:01]} Rb3+ {[%emt 0:00:01]} 44. Kc5 {[%emt 0:00:00]} Rb1 {[%emt 0:00:00]} 45. Kd4 {[%emt 0:00:01]} b5 {[%emt 0:00:00]} 46. Kc5 {[%emt 0:00:00]} b4 {[%emt 0:00:01]} 47. Kc4 {[%emt 0:00:00]} b3 {[%emt 0:00:00]} 48. Be5 {[%emt 0:00:01]} b2 {[%emt 0:00:00]} 49. Bxb2 {[%emt 0:00:00]} Rxb2 {[%emt 0:00:02]} 50. Kd3 {[%emt 0:00:00]} Rg2 {[%emt 0:00:00]} 51. Ke3 {[%emt 0:00:00]} Rxg3+ {[%emt 0:00:01]} 52. Kf4 {[%emt 0:00:00]} Rg4+ {[%emt 0:00:00]} 53. Kf3 {[%emt 0:00:02]} Rxh4 {[%emt 0:00:00] Konmos gibt auf (Lag: Av=0.52s, max=1.1s)} 0-1

[Event "Stay Safe Play From Home 193"]
[Site "T#646517Emanuel Laske"]
[Date "2020.06.02"]
[Round "6"]
[White "Cubail"]
[Black "Trotsky"]
[Result "0-1"]
[WhiteElo "1278"]
[BlackElo "1540"]
[Annotator "NA RC"]
[PlyCount "36"]
[EventDate "2020.06.02"]
[EventType "swiss (blitz)"]

1. f4 {[%emt 0:00:03]} d5 {[%emt 0:00:01]} 2. Nf3 {[%emt 0:00:01]} e6 {[%emt 0:00:00]} 3. e3 {[%emt 0:00:01]} c5 {[%emt 0:00:01]} 4. c4 {[%emt 0:00:01]} Nc6 {[%emt 0:00:01]} 5. cxd5 {[%emt 0:00:02]} exd5 {[%emt 0:00:01]} 6. Bb5 {[%emt 0:00:01]} Be6 {[%emt 0:00:01]} 7. Ne5 {[%emt 0:00:01]} Bd6 {[%emt 0:00:01]} 8. Nxc6 {[%emt 0:00:02]} bxc6 {[%emt 0:00:03]} 9. Bxc6+ {[%emt 0:00:01]} Bd7 {[%emt 0:00:01]} 10. Bxa8 {[%emt 0:00:01]} Qc7 {[%emt 0:00:01]} 11. O-O {[%emt 0:00:04]} Nf6 {[%emt 0:00:01]} 12. Nc3 {[%emt 0:00:04]} h5 {[%emt 0:00:01]} 13. Bxd5 {[%emt 0:00:01]} g5 {[%emt 0:00:01]} 14. Qf3 {[%emt 0:00:03]} Ng4 {[%emt 0:00:04]} 15. h3 {[%emt 0:00:02]} Kd8 {[%emt 0:00:05]} 16. fxg5 {[%emt 0:00:13]} Bh2+ {[%emt 0:00:02]} 17. Kh1 {[%emt 0:00:03]} Bg1 {[%emt 0:00:01]} 18. Kxg1 {[%emt 0:00:06]} Qh2# {[%emt 0:00:01] (Lag: Av=0.29s, max=0.6s)} 0-1

[Event "Stay Safe Play From Home 193"]
[Site "T#646517Emanuel Laske"]
[Date "2020.06.02"]
[Round "7"]
[White "Mepe_Nika"]
[Black "Lamborghini"]
[Result "0-1"]
[WhiteElo "2271"]
[BlackElo "2187"]
[Annotator "TA"]
[PlyCount "88"]
[EventDate "2020.06.02"]
[EventType "swiss (blitz)"]

{[%evp 9,88,8,34,30,56,45,53,37,72,68,73,40,79,28,43,-30,-30,-33,-35,-30,-31,-37,-30,-28,-23,-36,109,84,100,72,52,60,295,12,29,26,25,-4,-4,-49,-47,-67,-37,-135,-45,-79,-72,-68,-49,-66,-68,-68,-68,-201,-77,-77,-77,-107,-107,-107,-77,-77,0,-379,-379,-391,-166,-220,-77,-1304,-1261,-29985,-29986,-29986,-29985,-29998,-29999,-29999,-29986,-29986,-29986]} 1. c4 d6 2. g3 e5 3. Bg2 f5 4. Nc3 Nf6 5. d3 h6 6. e3 {A21: English Opening: 1...e5 2 Nc3.} g5 7. Nge2 Bg7 8. f4 {[#] White is slightly better.} exf4 $146 ({Predecessor:} 8... O-O 9. O-O c6 10. Rb1 Re8 11. d4 e4 12. d5 c5 13. a3 Kh7 14. b4 b6 15. bxc5 bxc5 {0-1 (45) Degenhardt,H (2355)-Grafl,F (2285) Hessen 2000}) 9. exf4 g4 10. O-O c6 11. Nd4 (11. Be3 $16) 11... O-O 12. b4 (12. Qe2 $14) 12... Qb6 $11 13. Be3 {[#] Black must now prevent Nxf5!} Qxb4 14. Qc2 Re8 15. Bf2 Qa5 16. Rab1 Na6 17. Rfe1 Bd7 (17... Rxe1+ $15 {stays ahead.} 18. Bxe1 Qc7) 18. Rxb7 {Strongly threatening Rxe8+.} Nc5 19. Rbb1 Rxe1+ 20. Rxe1 h5 $2 (20... Rc8 $14) 21. Nb3 $2 (21. Bxc6 $18 Rf8 22. Ncb5) 21... Nxb3 22. axb3 h4 23. d4 h3 24. Bh1 Re8 25. Rxe8+ Bxe8 26. d5 (26. Kf1 $15) 26... c5 (26... Nxd5 $17 27. Na4 Ne7) 27. Qc1 Bd7 28. Be1 Qb6 29. Qc2 Ne8 30. Nd1 Bd4+ 31. Bf2 (31. Kf1 $1 $15) 31... Bxf2+ (31... Qa5 $19 {[%cal Ra5e1] and Black stays clearly on top.} 32. Kf1 Qa1 33. Bxd4 Qxd4) 32. Kxf2 $17 a5 33. Ne3 Ng7 34. Nd1 Qb4 35. Qc3 Qb6 (35... Qb7 $17 {aiming for ...a4.} 36. Qb2 Qb4) 36. Ke3 $2 {[%mdl 8192]} (36. Qc2 $1 $11 {and White is okay.}) 36... a4 $19 37. bxa4 Bxa4 (37... Qb1 $142 38. Kd2 Bxa4) 38. Qb2 (38. Nb2 {is a better defense.}) 38... Qa5 (38... Qa6 $19 39. Qa2 Qa5) 39. Qb8+ $2 {[%mdl 8192]} (39. Nc3 $17) 39... Kh7 {( -> ...Qe1+!)} 40. Qb1 Qe1+ {[%mdl 64] [#] Double Attack. Black mates.} 41. Kd3 Bxd1 42. Qb7 Qe2+ {[%mdl 64] Double Attack} 43. Kc3 Qe3+ 44. Kb2 Qd2+ {Accuracy: White = 40%, Black = 54%.} 0-1